[Event "FIDE World Cup"]
[Site "Khanty Mansiysk"]
[Date "2019.09.12"]
[Round "1.1"]
[White "Kasimdzhanov, Rustam"]
[Black "Bareev, Evgeny"]
[Result "1-0"]
[WhiteElo "2657"]
[BlackElo "2643"]
[Annotator "Kasimdzhanov,R"]
[PlyCount "65"]
[EventDate "2019.09.10"]
[EventType "k.o."]
[EventRounds "7"]
[EventCountry "RUS"]
[SourceTitle "CBM 192"]
[Source "ChessBase"]
[SourceDate "2019.10.31"]
[SourceVersion "1"]
[SourceVersionDate "2019.10.31"]
[SourceQuality "1"]

{[%evp 0,65,19,31,34,11,21,3,3,-11,-11,10,-8,-8,32,25,44,4,9,-5,-18,-39,-14,1,
10,10,-14,28,22,8,26,32,43,62,56,4,11,14,44,63,72,65,48,71,66,43,49,56,61,55,
55,52,54,88,97,97,114,114,137,136,136,96,71,123,123,140,29993,29994]} {The
first round of the World Cup is always a nervous affair. I hadn't played a
tournament game in more than 3 months, and tried to overcome my certain
rustiness by solving a lot of exercises and preparing Bareev's main openings.} 
1. e4 e5 $1 {I wasn't ready for this. Only looking at Caro-Cann and the French,
I only briefly thought about what I'do after 1...e5, but didn't decide. Now I
had to make this decision at the board, with my clock ticking relentlessly...}
2. Bc4 $5 (2. Nf3 Nf6 {I thought this might be what Bareev had in mind. Only
much later did I see, that 2 days before the World Cup Bareev played in a
rapid tournament, where, among other openings, he also played the Petroff...})
2... Nf6 3. d3 c6 4. Nf3 d5 5. Bb3 a5 6. a4 (6. Nc3 {I remember being happy
here with White many years ago, but then I remembered Kasparov-Bareev from
1993!! After that I definitely knew my opening was a mixed blessing...} Bb4 7.
a3 Bxc3+ 8. bxc3 a4 $1 (8... Nbd7 9. exd5 Nxd5 10. O-O O-O 11. Re1 Re8 12. c4
Ne7 13. Ng5 h6 14. Ne4 a4 15. Ba2 c5 16. Nd6 Rf8 17. c3 Ng6 18. Bb1 Nf6 19.
Nxc8 Qxc8 20. Qf3 Re8 21. Bc2 Nh4 22. Qg3 g5 23. d4 Nf5 24. Qh3 e4 25. f3 exf3
26. Rxe8+ Qxe8 27. Bxg5 hxg5 28. Qxf5 Qe3+ 29. Kh1 fxg2+ 30. Kxg2 Qe2+ 31. Kg1
Ng4 32. Qh7+ Kf8 33. Rf1 f6 34. Bg6 {1-0 (34) Kasparov,G (2805)-Bareev,E (2670)
Linares 1993 CBM 034 [Kortschnoj]}) 9. Ba2 dxe4 10. Nxe5 O-O 11. O-O Nbd7 {
is just nothing.}) 6... Bd6 {Still played instantly. I was burning a lot of
time, trying to undesrtand the position.} (6... Bb4+ 7. c3 Bd6 {seems like a
very decent line too}) 7. exd5 (7. Nc3 {might be a decent move order too:} O-O
$5 (7... d4 8. Ne2 $14) (7... Be6 8. exd5 Nxd5 9. Ng5 $1) 8. exd5 Nxd5 {
I wasn't sure about anything in these lines...}) 7... cxd5 (7... Nxd5 8. O-O
O-O 9. Re1 {is a maybe just some pressure yet, at least Black still needs to
be precise, with his pawn always shaky on e5.}) 8. Nc3 (8. Bg5 $5 {seems like
a more accurate move though} Be6 9. Nc3 {leads to the game.}) 8... Be6 (8... h6
$5 {this really didn't occur to me} 9. Bxd5 Nxd5 10. Nxd5 O-O 11. O-O Bg4 {
Black bishops give Black plenty of compensation}) 9. Bg5 d4 10. Bxf6 {
difficult choice} (10. Bxe6 {was my first intention} dxc3 11. Bc4 e4 (11...
cxb2 12. Rb1 Bb4+ 13. Nd2 (13. Bd2 $5 e4 14. Ng5) 13... O-O 14. Rxb2 Nbd7 15.
O-O Rc8 {seems unclear actually}) 12. dxe4 cxb2 13. Rb1 Bb4+ {felt messy, and
I was already beginning to feel some pressure of time, having already spent
some 45 minutes or so...}) 10... gxf6 (10... Qxf6 $5 11. Ne4 Qe7 12. Bxe6 Qxe6
13. Nfg5 {felt very dangerous for Black, but after} Qg6 14. f4 $5 O-O (14...
exf4 15. Nxd6+ Qxd6 16. Qe2+ $14) 15. O-O exf4 16. Nxd6 Qxd6 17. Qg4 Nc6 18.
Rxf4 Qg6 {Black seems fine.}) 11. Nb5 {So many tempting alternatives...} (11.
Ne4 Bxb3 12. cxb3 Bb4+ 13. Kf1 f5 $1 14. Ng3 f4 {I correctly felt I couldn't
keep a grip on his light squares}) (11. Bxe6 dxc3 12. Bh3 cxb2 13. Rb1 Bb4+ 14.
Nd2 Qd4 15. O-O Nd7 16. Nc4 Bc3 {I was a bit worried, not necessarily in this
position, about how hard it would be to win that b2 pawn...}) 11... Bxb3 12.
cxb3 Bb4+ 13. Nd2 Nc6 14. f4 $5 {I only had about 20 minutes left after making
this move.} (14. O-O {was my original thought, but after} f5 15. f4 e4 16. dxe4
Bxd2 17. Qxd2 fxe4 {I didn't think highly of my position, and seems rightly so!
}) 14... Qe7 $6 (14... e4 {I only saw this, suggested by an engine, after the
game} 15. dxe4 d3 $1 16. Qh5 (16. O-O Nd4) 16... Qe7 17. O-O-O O-O-O 18. Kb1
Kb8 {and the d3 passer most certainly gives Black the compensation.}) (14... f5
$1 {I think I saw a glimpse of this, but luckily my opponent played before I
could get very worried.} 15. fxe5 (15. O-O e4 {as already seen}) 15... Qg5 $1)
15. O-O {Finally safe.} Bxd2 16. Qxd2 {White is better now.} O-O-O (16... O-O
$5 {didn't occur to me, and still very tough for Black.}) 17. Rae1 $5 (17. fxe5
fxe5 18. Qh6 {was my first instinct:} Kb8 (18... Rhf8 19. Rf6 $1) 19. Rf5 $1
Rhf8 20. Raf1 f6 21. Rxf6 Rxf6 22. Rxf6 e4 {I was worried something like this
might get messy...}) 17... Kb8 18. Na3 $5 {I thought the knight no longer had
much to do on b5.} Qb4 19. Qd1 $1 {I don't want the endgame, my king is safer!}
Rhe8 20. fxe5 Rxe5 $2 (20... fxe5 $1 {would have been very unpleasant for me:}
21. Nc4 (21. Rxf7 e4 $1) 21... e4 $1 22. Rxe4 Rxe4 23. dxe4 d3 {with at least
enough play for the pawn ( does anybody even feel White is up a pawn here? Not
me!).}) 21. Nc4 Rxe1 22. Rxe1 $16 Ka7 23. h3 $1 {Need to take care of my king
first.} Rd7 24. Rf1 Re7 25. Kh2 $1 Re6 26. Rf5 Ne5 27. Na3 $1 {I was very
happy about this knight dance.} Kb6 28. Nb5 Nc6 29. Qc2 $6 {I felt it might be
imprecise, but I was down to like 4 minutes and blitzing.} (29. Qg4 $1 {
[%cal Gg4f4] same idea, but much faster:} Qxb3 $2 30. Nxd4) (29. Qc1 Re3) 29...
Qe7 $2 (29... Re3 $1 30. Qf2 (30. Rxf6 Qe7 $1 $132) 30... Rxd3 31. Qf4 Rxb3 32.
Qc7+ Ka6 33. Rxf6 Qc5 {with a huge mess.}) 30. Qf2 $1 {Now I felt in control,
and no longer had less time. Black's position is untenable in real-lfe
conditions, mainly due to the chronically weak king.} Re3 31. Qf4 $1 Rxd3 32.
Rxf6 Rxb3 {Allowing a checkmate of rare beauty} (32... Ka6 $1 {is the only way
to fight on, but} 33. Rxf7 Qe5 34. Qxe5 Nxe5 35. Rxh7 {should be winning in
the long run.}) 33. Qxd4+ {Despite some inaccuracies, I was extremely happy
with the quality of my moves and the things I saw. That was a good day :)} (33.
Qxd4+ Qc5 (33... Ka6 34. Qa7#) 34. Qd8+ $1 Ka6 35. Qa8+ Kb6 36. Qa7# $1) 1-0

[Event "Olympiad-32"]
[Site "Yerevan"]
[Date "1996.09.18"]
[Round "3.4"]
[White "Kasimdzhanov, Rustam"]
[Black "Christiansen, Larry Mark"]
[Result "1-0"]
[WhiteElo "2435"]
[BlackElo "2555"]
[Annotator "Kharitonov,A"]
[PlyCount "81"]
[EventDate "1996.09.15"]
[EventType "team-swiss"]
[EventRounds "14"]
[EventCountry "ARM"]
[SourceTitle "CBM 055"]
[Source "ChessBase"]
[SourceDate "1996.12.01"]
[SourceVersion "1"]
[SourceVersionDate "1996.12.01"]
[SourceQuality "1"]
[WhiteTeam "Uzbekistan"]
[BlackTeam "US of America"]
[WhiteTeamCountry "UZB"]
[BlackTeamCountry "USA"]

1. e4 e5 2. Bc4 Nf6 3. d3 c6 4. Nf3 d5 (4... Be7 $5 {N/} 5. O-O d6 6. c3 O-O 7.
Nbd2 Nbd7 8. a4 d5 9. Ba2 Bd6 10. Re1 Re8 11. Nf1 Nf8 12. Ng3 Ng6 13. Bg5 Be6 (
13... dxe4 $2 14. Bxf6 Qxf6 15. Nxe4 Qe7 16. Nfg5 Nh8 17. Qh5 $18) 14. d4 (14.
Nh5 Be7 $10) 14... dxe4 15. Nxe4 Bxa2 16. Bxf6 (16. Rxa2 Be7 $10) 16... gxf6
17. Rxa2 f5 $1 18. Nxd6 Qxd6 19. dxe5 Qxd1 20. Rxd1 Nxe5 21. Nxe5 Rxe5 $10 {
Gelman,A-Kharitonov,A/Moscow/1996/0,5/31/}) 5. Bb3 Bb4+ (5... Nbd7 6. O-O Bd6
7. exd5 $1 Nxd5 (7... cxd5 8. Bg5 d4 9. Nbd2 O-O 10. Nc4 Bc7 11. Re1 Re8 12.
Ba4 $16) 8. Nbd2 O-O 9. Re1 Re8 10. Ne4 Bf8 11. Bd2 $14 {Conquest,S-Cifuentes
Parada,R/Olot/1994/}) 6. Bd2 $5 {N/} (6. c3 Bd6 7. Bg5 Be6 8. Nbd2 Nbd7 9. d4
exd4 10. exd5 Bxd5 11. Bxd5 cxd5 12. Nxd4 $14 {Yudasin,L-Alterman,B/ISR/1994/
1|0/67/}) 6... Bxd2+ 7. Nbxd2 Nbd7 8. O-O O-O 9. Re1 Re8 (9... dxe4 $2 10. Nxe4
Nxe4 11. Rxe4 $16) (9... d4 $6 10. c3 dxc3 11. bxc3 Nc5 12. d4 $16) 10. d4 $5
exd4 (10... dxe4 $6 11. Nxe5 (11. Nxe4 Nxe4 12. Rxe4 exd4 13. Rxd4 $16) 11...
Nxe5 12. dxe5 Rxe5 13. Nxe4 Qxd1 14. Raxd1 Bg4 15. Nxf6+ gxf6 16. f3 Bf5 17. g4
Bg6 18. Rxe5 fxe5 19. Rd7 $16) 11. exd5 Rxe1+ 12. Qxe1 cxd5 (12... c5 $2 13. d6
$1 h6 14. Ne5 Nxe5 15. Qxe5 $16) (12... Nxd5 $5 13. Bxd5 cxd5 14. Nxd4 Nf6 15.
Qe3 Qb6 $10) 13. Nxd4 Nc5 14. c3 Bd7 15. N2f3 Qb6 16. Qd2 $14 Ba4 $5 (16... Re8
17. Re1 Rxe1+ 18. Qxe1 Qd6 $14) 17. Qc2 Bxb3 18. axb3 Re8 19. b4 Nce4 20. Re1
g6 21. h3 Kg7 22. Qc1 a5 $6 (22... a6 $5) 23. bxa5 Qxa5 24. Nh2 h5 (24... Qb6
$5 $10) 25. Nhf3 Qc7 26. Nb5 Qb8 $6 (26... Qd7 $5 $10) 27. Qd1 $14 Qf4 $6 (
27... Nd6 28. Rxe8 Ndxe8 29. Qd4 $14) (27... Rc8 $5) 28. Qd4 Ra8 $2 (28... Rc8
$5 $14) 29. c4 $1 $18 dxc4 (29... Qf5 30. Nc7 Rc8 31. Nxd5 $18) (29... Rd8 30.
Nc3 $18) 30. Nc3 Qd6 (30... Re8 31. Nd5 Qd6 (31... Qf5 32. Nxf6 Qxf6 33. Rxe4
$18) 32. Nxf6 $18) 31. Nxe4 (31. Rxe4 $4 Ra1+ 32. Ne1 Rxe1+ $19) 31... Qxd4 32.
Nxd4 Nxe4 33. Rxe4 Ra1+ 34. Kh2 Ra2 35. Re2 h4 36. Nb5 Ra4 37. Nd6 Rb4 38. Re7
Rxb2 39. Rxf7+ Kh6 (39... Kg8 40. Nxc4 $18) 40. Nxc4 Re2 41. Ne3 1-0

[Event "Linares 11th"]
[Site "Linares"]
[Date "1993.??.??"]
[Round "5"]
[White "Kasparov, Garry"]
[Black "Bareev, Evgeny"]
[Result "1-0"]
[WhiteElo "2805"]
[BlackElo "2670"]
[Annotator "Kortschnoj,V"]
[PlyCount "67"]
[EventDate "1993.02.??"]
[EventType "tourn"]
[EventRounds "13"]
[EventCountry "ESP"]
[EventCategory "18"]
[SourceTitle "CBM 034"]
[Source "ChessBase"]
[SourceDate "1993.06.01"]
[SourceVersion "1"]
[SourceVersionDate "1993.06.01"]
[SourceQuality "1"]

1. e4 e5 2. Bc4 Nf6 3. d3 c6 4. Nf3 d5 (4... Be7 5. O-O d6) 5. Bb3 a5 $5 (5...
Bb4+ $5 6. c3 Bd6 $10) 6. Nc3 Bb4 7. a3 Bxc3+ 8. bxc3 Nbd7 (8... a4) 9. exd5
Nxd5 10. O-O O-O 11. Re1 Re8 12. c4 Ne7 13. Ng5 h6 14. Ne4 a4 15. Ba2 c5 16.
Nd6 Rf8 17. c3 Ng6 18. Bb1 Nf6 19. Nxc8 Qxc8 20. Qf3 Re8 21. Bc2 (21. Bxh6 $2
Nh4 $19) 21... Nh4 22. Qg3 g5 23. d4 $1 (23. Bxg5 $2 Nf5 $19) (23. Rxe5 $2 Nf5
$19) 23... Nf5 24. Qh3 e4 (24... g4 25. Qd3 e4 26. Qd2 cxd4 27. cxd4 Qxc4 28.
Qf4 Qe6 $13) 25. f3 exf3 $2 (25... cxd4 26. cxd4 (26. fxe4 d3 27. Qxd3 (27.
Bxd3 g4 $19) 27... Qc5+) 26... Nxd4 27. Qxh6 Qc5 $1 $13) 26. Rxe8+ Qxe8 27.
Bxg5 hxg5 28. Qxf5 Qe3+ 29. Kh1 fxg2+ 30. Kxg2 Qe2+ (30... Ra6 $1 $13) 31. Kg1
Ng4 32. Qh7+ Kf8 33. Rf1 f6 34. Bg6 1-0

[Event "Biel GM 42nd"]
[Site "Biel"]
[Date "2009.07.20"]
[Round "2"]
[White "Morozevich, Alexander"]
[Black "Gelfand, Boris"]
[Result "1-0"]
[WhiteElo "2751"]
[BlackElo "2755"]
[Annotator "Kritz,L"]
[PlyCount "61"]
[EventDate "2009.07.19"]
[EventType "tourn"]
[EventRounds "10"]
[EventCountry "SUI"]
[EventCategory "19"]
[SourceTitle "CBM 132"]
[Source "ChessBase"]
[SourceDate "2009.09.16"]
[SourceVersion "1"]
[SourceVersionDate "2009.09.16"]
[SourceQuality "1"]

1. e4 e5 2. Bc4 {Die Läufereröffnung ist nur dann gut, wenn man sie gegen
einen Spieler anwendet, der die Russische Partie spielt.} Nf6 ({Schwarz kann
nach} 2... Nc6 3. Nf3 Bc5 {in die Italienische Partie rübergehen.}) 3. d3 (3.
Nc3 $6 {das ist ein altes, bekanntes Abspiel der Wiener Partie} Nxe4 $1 4. Qh5
(4. Nxe4 d5 $11) (4. Bxf7+ $2 Kxf7 5. Nxe4 d5 6. Ng3 Nc6 7. d3 Be7 8. Nf3 Rf8
9. O-O Kg8 10. h3 Qd6 11. Re1 Bd7 $15 {Ni Hua - Vladimirov (Tripoli, 2004)})
4... Nd6 5. Bb3 (5. Qxe5+ Qe7 6. Qxe7+ Bxe7 7. Bb3 c6 $11 {Rogers - Shirov 
(Salamanca, 1998)}) 5... Nc6 6. Nb5 g6 7. Qf3 f5 8. Qd5 Qf6 9. Nxc7+ Kd8 10.
Nxa8 b6 $44 {Sulskis - Motylev (Linares, 2000). Wie die Praxis gezeigt hat,
besitzt Schwarz eine super Kompensation für das geopferte Material.}) 3... c6
4. Nf3 d5 {Die prinzipiellste Fortsetzung. Gut spielbar ist auch 4....Be7.} (
4... Be7 $5 5. O-O (5. Nxe5 $4 Qa5+ 6. Nc3 Qxe5 7. f4 Qh5 $19) 5... d6 6. Re1 (
6. c3 O-O 7. Bb3 Qc7 8. Re1 Nbd7 9. Nbd2 Nc5 10. Bc2 Ne6 11. Nf1 Re8 12. Ng3
Bf8 13. h3 g6 14. d4 Bg7 15. Be3 Bd7 16. Qd2 Rad8 $132 {Areshchenko -
Mamedyarov (Foros, 2006)}) 6... O-O 7. Bb3 Nbd7 8. c3 Re8 $132 {Hamdouchi -
Adams (French Team Ch, 1999)}) 5. Bb3 (5. exd5 cxd5 6. Bb3 (6. Bb5+ $2 {
erlöst Schwarz von allen möglichen Problemen.} Bd7 7. Bxd7+ Nbxd7 $15) 6... Nc6
$1 {Das ist der wesentliche Unterschied, warum man nicht gleich auf d5
schlagen sollte - der schwarze Springer hat nun das Feld c6 zur Verfügung.} 7.
Bg5 Bb4+ 8. c3 Be7 $11) 5... Bd6 6. exd5 (6. Nc3 dxe4 7. Ng5 (7. Nxe4 Nxe4 8.
dxe4 O-O 9. O-O Na6 10. c3 Bg4 11. h3 Bh5 12. Qe2 Nc5 13. g4 Nxb3 14. axb3 Bg6
15. Rd1 Qe7 16. Qc4 Kh8 17. Be3 a6 18. Bb6 Rfc8 19. b4 f6 $11 {Hoffmann -
Smeets (Solingen, 2009)}) (7. dxe4 Na6 8. Be3 Qe7 $11) 7... O-O 8. Ncxe4 Nxe4
9. Nxe4 Bf5 10. O-O Na6 11. Nxd6 Qxd6 12. Qf3 Be6 $11 {Anand - Kramnik 
(Frankfurt, 1998)}) 6... Nxd5 $1 {Diese Fortsetzung ist viel solider als 6...
cxd5, wonach das schwarze Zentrum den Angriffen weißer Figuren ausgeliefert
wird.} (6... cxd5 7. Bg5 Be6 8. Nc3 Qa5 9. O-O Nbd7 10. Qe1 $36 {Fedorov -
Mamedjarova (Baku, 2008)}) 7. O-O O-O 8. Re1 Nd7 {Solid, aber passiv.} (8...
Bg4 $5 {Meiner Meinung nach ist das der beste Zug für Schwarz. Hier hat Weiß
ebenfalls mit Problemen zu kämpfen.} 9. h3 Bh5 10. Nbd2 (10. g4 Bg6 11. Nxe5
Bxe5 12. Rxe5 Nd7 13. Re1 Qh4 14. Qf3 Rae8 15. Rf1 h5 $44 {Alekseev - Shirov 
(Tegernsee, 2007)}) 10... Nd7 11. Ne4 Bc7 12. Ng3 (12. Bd2 Re8 13. a3 Nf8 14.
Ba2 h6 15. Ng3 Bg6 16. Qc1 a5 $132 {Areshchenko - Shirov (Baden Baden, 2007)})
12... Bg6 13. a3 (13. Bd2 Re8 14. a3 Kh8 15. Ng5 h6 16. N5e4 f5 17. Nc3 Nc5 18.
Ba2 Ne6 $15 {Bauer - Fridman (Ajaccio, 2007)}) 13... h6 14. d4 exd4 15. Qxd4
Bb6 16. Qg4 Kh7 17. Rd1 Re8 18. c3 f5 19. Qh4 Ne5 $15 {Tiviakov - Shirov 
(Benidorm, 2008)}) 9. d4 $5 {Das am häufigsten gespielte 9.Nbd2 verspricht
Weiß wenig, falls Schwarz ein paar genaue Züge macht.} (9. Nbd2 Bc7 10. Ne4 h6
(10... Re8 11. h3 h6 12. Bd2 Nf8 13. Nh2 f5 14. Qh5 Nh7 15. Nf3 Rf8 16. Nc3 $36
{Nevednichy - Beliavsky (Plovdiv, 2008)}) 11. Bd2 Kh8 12. Ng3 a5 13. a3 f5 14.
Qc1 f4 15. Ne4 N7f6 16. Nxf6 Qxf6 17. c4 Ne7 18. Bc3 Ng6 $132 {Kobalia -
Motylev (Sochi, 2007)}) 9... exd4 {Schwarz muss nehmen, ansonsten bekommt Weiß
eine zu gefährliche Initiative.} (9... N5f6 10. Nc3 (10. dxe5 $6 Nxe5 11. Nxe5
Bxe5 12. Qxd8 Rxd8 $11) 10... exd4 11. Qxd4 Nc5 12. Bg5 h6 13. Bh4 g5 14. Rad1
Bxh2+ 15. Kxh2 Qxd4 16. Rxd4 gxh4 17. Rxh4 $14 {Tiviakov - Hera (Budva, 2009)})
10. Bxd5 (10. Qxd4 $2 Bc5 11. Qd1 Qb6 $15) 10... cxd5 11. Qxd4 Bc5 (11... Nb6
12. Bf4 Bf5 13. Bxd6 Qxd6 14. Na3 a6 15. Re3 Rac8 16. c3 Rfe8 17. Rae1 $14 {
Tiviakov - Granda Zuniga (El Sauzal, 2008)}) 12. Qd3 $5 $146 {Morozevich will
nicht den Bauern d5 sofort gewinnen und Schwarz die Initiative überlassen.
Stattdessen bevorzugt er das lange Spiel gegen den Isolani.} (12. Qxd5 Qb6 13.
Re2 Nf6 14. Qb3 Qa6 15. Nc3 Be6 $44 {Tiviakov - Stefanova (Wijk aan Zee, 2004)}
) 12... Qb6 13. Re2 Nf6 14. Nc3 {Die Hauptidee von Weiß ist nicht der Gewinn
des Bauern d5, sondern die Neutralisierung der schwarzen Initiative.} (14. Nbd2
$2 Ng4 $1 $17) 14... Bg4 (14... Ng4 $2 15. Nxd5 Qc6 16. h3 $18) 15. Na4 Qc6 16.
Nxc5 Qxc5 17. Be3 Qc4 $6 {Ich denke, Schwarz hat bessere Chancen die Stellung
zu halten, wenn er die Damen auf dem Brett lässt.} (17... Qd6 $5 18. Bd4 Rae8
$1 (18... a6 19. Rae1 Rae8 20. Rxe8 (20. Bxf6 Rxe2 21. Rxe2 Qxf6 $11) 20...
Rxe8 21. Bxf6 (21. Rxe8+ Nxe8 22. Ne5 Be6 $11) 21... Rxe1+ 22. Nxe1 Qxf6 23.
Qxd5 $16) 19. Rae1 (19. Rxe8 Rxe8 20. Bxa7 $2 Bxf3 21. Qxf3 b6 $19) 19... Re4
20. Bxa7 Bxf3 21. Qxf3 Ra8 $11) 18. Rd2 Qxd3 (18... Bxf3 $5 19. Qxc4 (19. gxf3
Qc6 $132) 19... dxc4 20. gxf3 Rfe8 21. Rad1 $14 {Weiß steht etwas besser, aber
die Stellung muss zu halten sein.}) 19. Rxd3 Bxf3 20. gxf3 Rfe8 21. Rb3 Re7 22.
Rd1 Rc8 $6 {Die entstehende Stellung ist zugunsten von Weiß. Man sollte den
Bauertausch nicht zulassen.} (22... a6 23. Bg5 Rc8 24. c3 Rc5 25. Kg2 h6 26.
Bxf6 gxf6 $11 {Die Stellung ist ausgeglichen.}) 23. Bxa7 $1 {Dadurch bekommt
Weiß die Möglichkeit, einen Freibauern am Damenflügel zu organisieren.} Rxc2
24. Be3 $14 Rd7 25. Rb5 h6 26. a4 {Die schwarzen Figuren sind an die
Verteidigung des Bauern d5 gebunden, Weiß seinerseits rollt am Damenflügel auf.
} Rc4 27. b3 Rh4 $2 {Der Turm auf h4 wird aus dem Spiel ausgeschaltet.} (27...
Rc6 28. Bd4 Nh5 $14) 28. f4 $1 Rh5 (28... Ng4 $2 29. Rbxd5 Rxd5 30. Rxd5 Nxh2
31. Kg2 $18) 29. Kg2 Ne4 (29... Ng4 30. Bd4 $1 Rxh2+ $2 (30... Nxh2 $2 31. Rh1
$18) 31. Kg3 h5 32. f3 $18) 30. Rd4 Rd6 $4 $138 {Boris Gelfand befand sich zu
diesem Zeitpunkt in starker Zeitnot. Die Stellung war jedoch schon ziemlich
schlecht.} 31. Rxe4 1-0